000
00359nam a2200157Ia 4500
008
240322s2024 xx 000 0 und d
020
_a
9780702084270
041
_a
eng
082
_a
EFR,EFR
100
_a
EFRON N.
245
_a
CONTACT LENS PRACTICE/
250
_a
4
260
_b
ELSEVIER CHIRCHILL2024
_c
2024
562
_e
1
999
_c
1151236
_d
1151236
650
_a
OPTOMETRY